Unbecoming behaviour (Record no. 107345)
[ view plain ]
| 000 -LEADER | |
|---|---|
| fixed length control field | 01032cam a22002175a 4500 |
| 001 - CONTROL NUMBER | |
| control field | L139778 |
| 008 - FIXED-LENGTH DATA ELEMENTS--GENERAL INFORMATION | |
| fixed length control field | 070807s2007 xxkoc f 000 0aeng d |
| 035 ## - SYSTEM CONTROL NUMBER | |
| System control number | (Sirsi) u139778 |
| 041 0# - LANGUAGE CODE | |
| Language code of text/sound track or separate title | eng |
| 050 04 - LIBRARY OF CONGRESS CALL NUMBER | |
| Classification number | 920 $2 22 |
| 100 1# - MAIN ENTRY--PERSONAL NAME | |
| Personal name | Meades Hawke, John |
| 245 00 - TITLE STATEMENT | |
| Title | Unbecoming behaviour |
| Remainder of title | an autobiography |
| 260 ## - PUBLICATION, DISTRIBUTION, ETC. | |
| Place of publication, distribution, etc. | [S.l.] |
| Name of publisher, distributor, etc. | [s.n.] |
| Date of publication, distribution, etc. | [2007?] |
| 300 ## - PHYSICAL DESCRIPTION | |
| Extent | 152p. |
| Other physical details | ill., ports. |
| Dimensions | 30cm. |
| 505 2# - FORMATTED CONTENTS NOTE | |
| Formatted contents note | Grandparents -- Parents -- Education -- Work -- Initial RAF training -- Canada -- Back to England -- Shellingford -- Leeds -- Demobilisation and marriage -- J J Greaves and Sons -- G A Rouse Ltd -- The farm -- Camping -- The festival of Britain -- Ulrome -- Expert witness -- Venture and the Duchess -- Worksop -- Just a thought |
| 520 ## - SUMMARY, ETC. | |
| Summary, etc. | The autobiography of John Meades Hawke BSc (Est Man Lond) Ext, FRICS, FCIArb. Assisted by J.C. Williamson BA (Hons). Includes poems by the author. |
| 651 #4 - SUBJECT ADDED ENTRY--GEOGRAPHIC NAME | |
| Geographic name | United Kingdom |
| Chronological subdivision | |
| 690 ## - LOCAL SUBJECT ADDED ENTRY--TOPICAL TERM (OCLC, RLIN) | |
| Topical term or geographic name as entry element | ABOUT RICS-RICS MEMBERS-CHARTERED SURVEYORS |
| 700 1# - ADDED ENTRY--PERSONAL NAME | |
| Personal name | Williamson, J.C |
| 942 ## - ADDED ENTRY ELEMENTS (KOHA) | |
| Suppress in OPAC | 0 |
| Withdrawn status | Lost status | Source of classification or shelving scheme | Damaged status | Not for loan | Home library | Current library | Shelving location | Date acquired | Total Checkouts | Full call number | Barcode | Date last seen | Copy number | Price effective from | Koha item type |
|---|---|---|---|---|---|---|---|---|---|---|---|---|---|---|---|
| Dewey Decimal Classification | London | London | Reference copy | 31/08/2007 | 920 MEA | 30074246 | 06/08/2019 | 1 | 06/08/2019 | Book |